Text book on beekeeping: (Record no. 191127)

MARC details
000 -LEADER
fixed length control field 00446nam a22001697a 4500
003 - CONTROL NUMBER IDENTIFIER
control field OSt
020 ## - INTERNATIONAL STANDARD BOOK NUMBER
International Standard Book Number 9789327276152
082 ## - DEWEY DECIMAL CLASSIFICATION NUMBER
Classification number 638.1
Item number ATA/TE
100 ## - MAIN ENTRY--PERSONAL NAME
Personal name Atuar Rahman
245 ## - TITLE STATEMENT
Title Text book on beekeeping:
Remainder of title perspective for skill development
260 ## - PUBLICATION, DISTRIBUTION, ETC. (IMPRINT)
Place of publication, distribution, etc Ludhiana
Name of publisher, distributor, etc Kalyani Publishers
Date of publication, distribution, etc 2017
300 ## - PHYSICAL DESCRIPTION
Extent 347p.
546 ## - LANGUAGE
Language note English
650 ## - SUBJECT ADDED ENTRY--TOPICAL TERM
Topical term or geographic name as entry element Bees and their importance
650 ## - SUBJECT ADDED ENTRY--TOPICAL TERM
Topical term or geographic name as entry element Bees and their diversity
942 ## - ADDED ENTRY ELEMENTS (KOHA)
Source of classification or shelving scheme Dewey Decimal Classification
Koha item type Books (General)
Holdings
Lost status Source of classification or shelving scheme Damaged status Not for loan Collection code Home library Current library Shelving location Date acquired Cost, normal purchase price Total Checkouts Full call number Barcode Date last seen Koha item type
  Dewey Decimal Classification     General KAU Central Library, Thrissur KAU Central Library, Thrissur General 01/08/2019 295.00   638.1 ATA/TE 229364 01/08/2019 Books (General)
  Dewey Decimal Classification     General KAU Central Library, Thrissur KAU Central Library, Thrissur General 01/08/2019 295.00   638.1 ATA/TE 229365 01/08/2019 Books (General)
  Dewey Decimal Classification     General KAU Central Library, Thrissur KAU Central Library, Thrissur General 01/08/2019 295.00   638.1 ATA/TE 229366 01/08/2019 Books (General)
Kerala Agricultural University Central Library
Thrissur-(Dt.), Kerala Pin:- 680656, India
Ph : (+91)(487) 2372219
E-mail: librarian@kau.in
Website: http://library.kau.in/